000 00491nam a2200181Ia 4500
005 20250326142114.0
008 250326s9999 xx 000 0 und d
037 _aTextbook
040 _aFMSL
_beng
_cFMSL
041 _aeng
_2eng
084 _aT:3()X:8) M4
_qFMSL
100 _aSingh P N
245 0 _aTraining for management development
_cSingh P N
260 _aBombay
_bBombay, Xavier
_c1984
300 _a184p
942 _cTB
_hT:3()X:8) M4
999 _c1293463
_d1293463